| 000 | 00411nam a22001697a 4500 | ||
|---|---|---|---|
| 005 | 20180814122049.0 | ||
| 008 | 160531b xxu||||| |||| 00| 0 eng d | ||
| 020 | _a978-81-203-0486-4 | ||
| 041 | _aeng | ||
| 082 |
_b6320 _a658.4 |
||
| 100 |
_a Massie, Joseph L. _94810 |
||
| 245 | _aEssentials of Management | ||
| 260 |
_aNew Delhi _bPHI, _c2009 |
||
| 300 | _a291p, | ||
| 650 |
_aManagement _9241 |
||
| 942 | _cBK | ||
| 999 |
_c2231 _d2230 |
||